000 00999nam a2200277 i 4500
001 9552
003 ES-MaACL
005 20250721144327.0
007 t|
008 931104s1992 sp ||||1| spa d
020 _a84-7615-904-8
080 _a52
100 1 _aPorcellino, Michael R.
_993118
245 1 0 _aEn busca de las estrellas
_b: una introducción a la astronomía /
_cMichael R. Porcellino ; traducción, José Miguel Miranda Pantoja ; revisión técnica, Lorenzo Abellanas Rapún.
260 _aMadrid [etc.] :
_bMcGraw-Hill,
_cD.L. 1992.
300 _aXVII, 166 p. :
_bil. ;
_c21 cm.
490 1 _aSerie McGraw-Hill de divulgación científica
500 _aBibliogr.: p. 158-160.
500 _aIndice.
650 7 _aAstronomía
_2embne
_910386
700 1 _aMiranda Pantoja, José Miguel.
_981555
700 1 _aAbellanas, Lorenzo,
_918072
830 0 _aSerie McGraw-Hill de divulgación científica
_9178515
852 _aES-MaACL
_jL-17026
_bR.122062
999 _c9552
_d9552